Most Peaceful Countries - Statistics

General Stats
  • This quiz has been taken 29 times
  • The average score is 4 of 5
Answer Stats
Hint Answer % Correct
Hosted FIFA world cup 2022 Qatar
93%
Known for its chocolate, mountains, and trains Switzerland
89%
Central american country with toucans, popular for tourists Costa Rica
75%
The capital is Montevideo Uruguay
75%
Island archipelago in southeastern Africa Mauritius
57%
No matching quizzes found
Score Distribution
Percent of People with Each Score
Percentile by Number Answered
Your Score History
You have not taken this quiz